000 00964cam a22001814a 4500
005 20250605164402.0
008 250528s ||||||||||||||||||||||||d
035 _a24617
040 _aGR-AtMCL
_bgre
_dGR-AtMCL
_eAACR2
245 1 _aΗ Επιστήμη στο Προσκήνιο / Για Πρώτη Φορά η Παραγωγή Νέας Γνώσης Γίνεται Άμεσα Αντιληπτή από την Κοινωνία
260 _bΚαινοτομία Έρευνα Και Τεχνολογία,
_c2020
300 _a34
520 _aΧρειαζόμαστε Ορθολογικές Πολιτιστικές βασισμένες σε Δεδομένα, Χτίζουμε μια Νέα Κουλτούρα και μια Νέα Ψηφιακή Πραγματικότητα, Ο Πολιτισμός είναι για να τον Μοιραζόμαστε.
700 1 _aΣαχίνη Εύη
_99352
942 _cCR
999 _c9486
_d9486